| 000 | 00665nam a2200229Ia 4500 | ||
|---|---|---|---|
| 003 | GCL | ||
| 008 | 140319s9999 xx 000 0 ara d | ||
| 040 |
_aGCL / _cGCL |
||
| 082 | 0 | 4 |
_aع _b613.25 _bم ر |
| 100 | 1 | _aمايزل, جودى | |
| 245 | 1 | 0 |
_aريجيم هوليوود: الصحة والرشاقة فى ستة اسابيع / _cمايزل, جودى |
| 700 | 1 | _aفادى الزين | |
| 260 |
_a[S.N] : _bدار الانماء |
||
| 300 | _a214 ص | ||
| 490 | _a | ||
| 650 | 0 | 4 | _aالتغذية |
| 650 | 0 | 4 | _aالصحة |
| 650 | 0 | 4 | _aالرجيم |
| 650 | 0 | 4 | _aالرجيم منخفض السعرات |
| 650 | 0 | 4 | _aالاغذية |
| 942 |
_2ddc _cBK |
||
| 999 |
_c30355 _d30355 |
||